| 000 | 01135cam a2200361 a 4500 | ||
|---|---|---|---|
| 999 |
_c23317 _d23317 |
||
| 001 | vtls000589056 | ||
| 005 | 20220928133853.0 | ||
| 008 | 170714s2015 xo oa d n 000 f slo d | ||
| 020 | _a9788089822003 (brož.) | ||
| 035 | _aa000589056 | ||
| 040 |
_aTVZK _bslo _cUKB _dSNK _eAACR2 |
||
| 041 | 1 |
_aslo _heng |
|
| 044 |
_axo _cSK |
||
| 072 | 7 |
_a821.111(73)-3 _xAmerická próza _2konspekt |
|
| 080 |
_a821.111(73)-31 _22004 |
||
| 080 |
_a(0:82-312.4) _22004 |
||
| 100 | 1 |
_aCoble, Colleen _93317 |
|
| 240 | 1 | 0 |
_aWithout a trace. _lSlovensky |
| 245 | 1 | 0 |
_aBez stopy _cColleen Cobleová ; [z anglického originálu preložila Eva Bubnášová] |
| 250 | _a1. vyd. | ||
| 260 |
_a[Spišské Hanušovce] _bi527.net _c2015 |
||
| 300 |
_a305 s. _bil. |
||
| 490 | 1 |
_aRockharborské mystérium _v1 |
|
| 500 | _aMiesto vydania podľa ISBN | ||
| 653 | _a821.111(73)-31 | ||
| 653 | _a(0:82-312.4) | ||
| 655 | 7 |
_aamerické romány _2UKBPH _92 |
|
| 655 | 7 |
_adetektívne romány _2UKBPH _91710 |
|
| 700 | 1 |
_aBubnášová, Eva, _d1985- _4trl _93314 |
|
| 958 | _aLX | ||
| 958 | _aUP | ||